LEADER 01263nam--2200421---450- 001 990001204290203316 005 20090519160152.0 010 $a84-7884-244-6 035 $a000120429 035 $aUSA01000120429 035 $a(ALEPH)000120429USA01 035 $a000120429 100 $a20031020d2002----km-y0enga50------ba 101 0 $aspa 102 $aES 105 $ay|||z|||001yy 200 1 $aCòdigo penal al alcance de todos$fJosé Luis Segovia 205 $a6. ed. 210 $aMadrid$cEditorial Popular$d2002 215 $a302 p.$d21 cm 225 2 $aAlMargen$v1 410 0$12001$aAlMargen 606 0 $aCodice penale$ySpagna 676 $a345.46002632 700 1$aSEGOVIA,$bJosé Luis$0556080 801 0$aIT$bsalbc$gISBD 912 $a990001204290203316 951 $aXXVI.1.D 45 (IG XI 876)$b38338 G.$cXXVI.1.D 45 (IG XI)$d00092556 959 $aBK 969 $aGIU 979 $aALINA$b10$c20031020$lUSA01$h1136 979 $aPAOLA$b90$c20040205$lUSA01$h1334 979 $aPAOLA$b90$c20040205$lUSA01$h1334 979 $aPAOLA$b90$c20040205$lUSA01$h1340 979 $aPATRY$b90$c20040406$lUSA01$h1726 979 $aRSIAV1$b90$c20090519$lUSA01$h1601 996 $aCòdigo penal al alcance de todos$9986062 997 $aUNISA